000
00353nam a2200157Ia 4500
005
20250425161657.0
008
250425s9999 xx 000 0 und d
041
_a
eng
082
_a
IBM4381
245
0
_a
THEORY OF ELECTROMAGNETIC WOVE...
250
_a
S.E.
260
_a
S.L.
260
_a
Sin Pais
_b
S.E.
_c
1900
942
_c
01
010
_a
25658
999
_c
213894
_d
213894